[Event "GER-chB U25"]
[Site "Oberhof"]
[Date "2011.06.14"]
[Round "5"]
[White "Jansen, Nina"]
[Black "Hoffmann, Rasmus"]
[Result "1/2-1/2"]
[WhiteElo "1478"]
[BlackElo "990"]
[PlyCount "101"]
[EventDate "2011.06.11"]
[EventType "swiss"]
[EventRounds "9"]
[EventCountry "GER"]
[SourceTitle "CBM 142 Extra"]
[Source "ChessBase"]
[SourceDate "2011.06.27"]
[SourceVersion "1"]
[SourceVersionDate "2011.06.27"]
[SourceQuality "1"]

1. e4 c5 2. Nf3 d6 3. h3 Nc6 4. Bc4 e6 5. Nc3 Nge7 6. d3 g6 7. Ne2 Bg7 8. c3 0-0 9. d4 cxd4 10. Nexd4 a6 11. a4 Ne5 12. Be2 Rb8 13. 0-0 Qc7 14. Bf4 Nxf3+ 15. Nxf3 e5 16. Be3 Bd7 17. Qd2 b5 18. axb5 axb5 19. Bh6 Rb7 20. b4 Rc8 21. Bxg7 Kxg7 22. Rfc1 f5 23. Bd3 Rf8 24. exf5 Nxf5 25. c4 Qb8 26. Be4 Rc7 27. Ra8 Qb6 28. Rxf8 Kxf8 29. cxb5 Rxc1+ 30. Qxc1 Qxb5 31. Qc7 Ke7 32. Qa5 Ke6 33. Ng5+ Ke7 34. Nxh7 Bc6 35. Qc7+ Bd7 36. Qa5 Bc6 37. Bxc6 Qxc6 38. Qa7+ Qd7 39. Qa6 Nd4 40. Qd3 Qf5 41. Qa3 Ke6 42. Qa2+ Kd7 43. Qa4+ Kc7 44. Qa5+ Kc6 45. Qa6+ Kd5 46. Qa2+ Kc6 47. Qc4+ Kb6 48. h4 Kb7 49. Ng5 Kb6 50. Qa2 Kb5 51. Qa5+ 1/2-1/2